SITC : (Record no. 194011)

MARC details
000 -LEADER
fixed length control field 01206nam a2200325 i 4500
005 - DATE AND TIME OF LATEST TRANSACTION
control field 20231213160315.0
008 - FIXED-LENGTH DATA ELEMENTS--GENERAL INFORMATION
fixed length control field 231213t20232023my c| g 000 0cmay d
020 ## - INTERNATIONAL STANDARD BOOK NUMBER
International Standard Book Number 9786297524269
Terms of availability RM50.00
Qualifying information paperback
040 ## - CATALOGING SOURCE
Original cataloging agency PPAK
Language of cataloging eng
Transcribing agency PPAK
Description conventions rda
082 04 - DEWEY DECIMAL CLASSIFICATION NUMBER
Edition number 23
Classification number 959.5
090 00 - LOCALLY ASSIGNED LC-TYPE CALL NUMBER (OCLC); LOCAL CALL NUMBER (RLIN)
Classification number (OCLC) (R) ; Classification number, CALL (RLIN) (NR) 959.5
Feature heading ISH
Feature heading G
100 0# - MAIN ENTRY--PERSONAL NAME
Personal name Ishak Saat,
Relator term author.
245 10 - TITLE STATEMENT
Title SITC :
Remainder of title dalam Perjuangan Kemerdekaan : Pencetus Kebangkitan Rakyat /
Statement of responsibility, etc. Ishak Saat, Ahmad Zainuddin Husin, Nazirah Lee, Rabaah Abdullah
264 #1 - PRODUCTION, PUBLICATION, DISTRIBUTION, MANUFACTURE, AND COPYRIGHT NOTICE
Place of production, publication, distribution, manufacture Tanjong Malim, Perak :
Name of producer, publisher, distributor, manufacturer Universiti Pendidikan Sultan Idris,
Date of production, publication, distribution, manufacture, or copyright notice 2023
Date of production, publication, distribution, manufacture, or copyright notice ©2023
300 ## - PHYSICAL DESCRIPTION
Extent xiv, 441 pages :
Other physical details potraits ;
Dimensions 23 cm
336 ## - CONTENT TYPE
Content type term text
Source rdacontent
337 ## - MEDIA TYPE
Media type term unmediated
Source rdamedia
338 ## - CARRIER TYPE
Carrier type term volume
Source rdacarrier
504 ## - BIBLIOGRAPHY, ETC. NOTE
Bibliography, etc. note Includes bibliographical references and index
610 20 - SUBJECT ADDED ENTRY--CORPORATE NAME
Corporate name or jurisdiction name as entry element Universiti Pendidikan Sultan Idris
General subdivision Alumni and alumnae
650 10 - SUBJECT ADDED ENTRY--TOPICAL TERM
Topical term or geographic name entry element Heroes
Geographic subdivision Malaysia
Topical term or geographic name entry element Nationalists
Geographic subdivision Malaysia
Topical term or geographic name entry element Government publications
Geographic subdivision Malaysia
651 #0 - SUBJECT ADDED ENTRY--GEOGRAPHIC NAME
Geographic name Malaysia
General subdivision History
700 0# - ADDED ENTRY--PERSONAL NAME
Personal name Ahmad Zainuddin Husin,
Relator term author.
Personal name Nazirah Lee,
Relator term author.
Personal name Rabaah Abdullah,
Relator term author.
942 ## - ADDED ENTRY ELEMENTS (KOHA)
Source of classification or shelving scheme Dewey Decimal Classification
Koha item type Book
Holdings
Withdrawn Not for loan Current library Shelving location Date acquired Total Checkouts Full call number Barcode Date last seen Date last checked out Koha item type
    Perpustakaan Alor Setar Pinjaman Dewasa 21/12/2023 2 959.5 ISH A01800648 17/09/2025 13/09/2025 Book
    Perpustakaan Awam Sungai Petani Pinjaman Dewasa 21/12/2023   959.5 ISH A01800649 21/12/2023   Book